<?xml version="1.0" encoding="UTF-8"?><?xml-stylesheet type="text/xsl" href="static/style.xsl"?><OAI-PMH xmlns="http://www.openarchives.org/OAI/2.0/" xmlns:xsi="http://www.w3.org/2001/XMLSchema-instance" xsi:schemaLocation="http://www.openarchives.org/OAI/2.0/ http://www.openarchives.org/OAI/2.0/OAI-PMH.xsd"><responseDate>2026-04-13T02:17:18Z</responseDate><request verb="GetRecord" identifier="oai:www.recercat.cat:11351/13785" metadataPrefix="marc">https://recercat.cat/oai/request</request><GetRecord><record><header><identifier>oai:recercat.cat:11351/13785</identifier><datestamp>2025-10-24T10:19:38Z</datestamp><setSpec>com_2072_378070</setSpec><setSpec>com_2072_378040</setSpec><setSpec>col_2072_378092</setSpec></header><metadata><record xmlns="http://www.loc.gov/MARC21/slim" xmlns:dcterms="http://purl.org/dc/terms/" xmlns:xsi="http://www.w3.org/2001/XMLSchema-instance" xmlns:doc="http://www.lyncode.com/xoai" xsi:schemaLocation="http://www.loc.gov/MARC21/slim http://www.loc.gov/standards/marcxml/schema/MARC21slim.xsd">
   <leader>00925njm 22002777a 4500</leader>
   <datafield ind2=" " ind1=" " tag="042">
      <subfield code="a">dc</subfield>
   </datafield>
   <datafield ind2=" " ind1=" " tag="720">
      <subfield code="a">Zhang, Kewei</subfield>
      <subfield code="e">author</subfield>
   </datafield>
   <datafield ind2=" " ind1=" " tag="720">
      <subfield code="a">Borrelli, Melissa</subfield>
      <subfield code="e">author</subfield>
   </datafield>
   <datafield ind2=" " ind1=" " tag="720">
      <subfield code="a">Constant, Carolina</subfield>
      <subfield code="e">author</subfield>
   </datafield>
   <datafield ind2=" " ind1=" " tag="720">
      <subfield code="a">Kant, Avni</subfield>
      <subfield code="e">author</subfield>
   </datafield>
   <datafield ind2=" " ind1=" " tag="720">
      <subfield code="a">Boon, Mieke</subfield>
      <subfield code="e">author</subfield>
   </datafield>
   <datafield ind2=" " ind1=" " tag="720">
      <subfield code="a">Castillo-Corullón, Silvia</subfield>
      <subfield code="e">author</subfield>
   </datafield>
   <datafield ind2=" " ind1=" " tag="720">
      <subfield code="a">Moreno-Galdó, Antonio</subfield>
      <subfield code="e">author</subfield>
   </datafield>
   <datafield ind2=" " ind1=" " tag="720">
      <subfield code="a">Rovira Amigo, Sandra</subfield>
      <subfield code="e">author</subfield>
   </datafield>
   <datafield ind2=" " ind1=" " tag="260">
      <subfield code="c">2025-10-06T09:41:45Z</subfield>
   </datafield>
   <datafield ind2=" " ind1=" " tag="260">
      <subfield code="c">2025-10-06T09:41:45Z</subfield>
   </datafield>
   <datafield ind2=" " ind1=" " tag="260">
      <subfield code="c">2025-05</subfield>
   </datafield>
   <datafield ind2=" " ind1=" " tag="520">
      <subfield code="a">Lung function; Primary ciliary dyskinesia</subfield>
   </datafield>
   <datafield ind2=" " ind1=" " tag="520">
      <subfield code="a">Función pulmonar; Discinesia ciliar primaria</subfield>
   </datafield>
   <datafield ind2=" " ind1=" " tag="520">
      <subfield code="a">Funció pulmonar; Discinèsia ciliar primària</subfield>
   </datafield>
   <datafield ind2=" " ind1=" " tag="520">
      <subfield code="a">Background&#xd;
The extent to which changes in lung function are due to natural variability in patients with primary ciliary dyskinesia (PCD) is unknown. We aimed to assess intra-individual variability in forced expiratory volume in 1 s (FEV1) derived from spirometry to define the extent to which the observed changes were due to test variability in clinically stable PCD patients.&#xd;
Methods&#xd;
PROVALF-PCD (Prospective Observational Multicentre Study on Variability of Lung Function in Stable PCD Patients) was a large international prospective cohort conducted in 2017–2019. We included patients aged ≥5 years who were clinically stable at two or more consecutive visits and provided spirometry-derived lung function measurements. To calculate the upper limit of normal (ULN), we fitted an unadjusted multilevel mixed-effect model, and to determine the absolute change in FEV1 z-scores, we calculated the coefficient of repeatability (CR). We performed sensitivity analyses by stratifying relative change by age (adults versus children), number of measurements (at least four), and time between measurements (&lt;4 months apart).&#xd;
Results&#xd;
We included 252 participants from 12 countries with confirmed or highly likely PCD. We included 1028 FEV1 measurements from patients in stable state. The ULN for relative change between two measurements of FEV1 was 25%. Test variability remained high in all sensitivity analyses. The CR was 1.88 FEV1 z-score.&#xd;
Conclusions&#xd;
Changes in intra-individual FEV1 >25% between visits in stable PCD patients lie beyond the expected test variability and therefore could be considered physiologically relevant. These findings inform the selection of end-points for pulmonary intervention trials in PCD, as they suggest that FEV1 is not a sensitive test for monitoring lung health in PCD.</subfield>
   </datafield>
   <datafield ind2=" " ind1=" " tag="520">
      <subfield code="a">K. Nielsen is supported by the Children's Lung Foundation. B. Rubbo is supported by the National Institute for Health and Care Research through the NIHR Southampton Biomedical Research Centre; and received funding from the NIHR Biomedical Research Centre Education, Training and Career development Fund, Southampton Academy of Research, to attend a course on multilevel modelling.</subfield>
   </datafield>
   <datafield ind1="8" ind2=" " tag="024">
      <subfield code="a">http://hdl.handle.net/11351/13785</subfield>
   </datafield>
   <datafield tag="653" ind2=" " ind1=" ">
      <subfield code="a">Pulmons - Malalties</subfield>
   </datafield>
   <datafield tag="653" ind2=" " ind1=" ">
      <subfield code="a">Aparell respiratori - Proves funcionals</subfield>
   </datafield>
   <datafield tag="653" ind2=" " ind1=" ">
      <subfield code="a">DISEASES::Respiratory Tract Diseases::Ciliary Motility Disorders</subfield>
   </datafield>
   <datafield tag="653" ind2=" " ind1=" ">
      <subfield code="a">ANALYTICAL, DIAGNOSTIC AND THERAPEUTIC TECHNIQUES, AND EQUIPMENT::Diagnosis::Diagnostic Techniques and Procedures::Diagnostic Techniques, Respiratory System::Respiratory Function Tests::Pulmonary Ventilation::Forced Expiratory Volume</subfield>
   </datafield>
   <datafield tag="653" ind2=" " ind1=" ">
      <subfield code="a">ENFERMEDADES::enfermedades respiratorias::trastornos de la motilidad ciliar</subfield>
   </datafield>
   <datafield tag="653" ind2=" " ind1=" ">
      <subfield code="a">TÉCNICAS Y EQUIPOS ANALÍTICOS, DIAGNÓSTICOS Y TERAPÉUTICOS::diagnóstico::técnicas y procedimientos diagnósticos::técnicas diagnósticas respiratorias::pruebas de función respiratoria::ventilación pulmonar::volumen espiratorio forzado</subfield>
   </datafield>
   <datafield ind2="0" ind1="0" tag="245">
      <subfield code="a">Natural variability of lung function in primary ciliary dyskinesia: longitudinal analysis from the PROVALF-PCD cohort</subfield>
   </datafield>
</record></metadata></record></GetRecord></OAI-PMH>